[Event "Sofia MGU op 150th"]
[Site "Sofia"]
[Date "2015.09.19"]
[Round "1"]
[White "Kamenov, Valentin"]
[Black "Simonska, Gergana"]
[Result "1-0"]
[WhiteElo "1796"]
[BlackElo "1216"]
[PlyCount "49"]
[EventDate "2015.09.19"]
[EventType "swiss"]
[EventRounds "6"]
[EventCountry "BUL"]
[SourceTitle "EXT 2016"]
[Source "ChessBase"]
[SourceDate "2015.10.08"]
[SourceVersion "1"]
[SourceVersionDate "2015.10.08"]
[SourceQuality "1"]

1. e4 e5 2. Nf3 Nc6 3. d4 exd4 4. Nxd4 Ne5 5. f4 Ng6 6. Bc4 Nf6 7. e5 Ne4 8. Qe2 Qh4+ 9. g3 Nxg3 10. hxg3 Qxh1+ 11. Kd2 Qh3 12. Qf3 Bc5 13. Nb5 0-0 14. Nxc7 Rb8 15. Nc3 Nh4 16. Qd5 Qh2+ 17. Ne2 Qf2 18. gxh4 Be3+ 19. Kd3 Bb6 20. Nb5 d6 21. Nbd4 dxe5 22. Be3 Qxh4 23. Rh1 e4+ 24. Qxe4 Qf6 25. Qxh7# 1-0

[Event "Varna op-B 9th"]
[Site "Varna"]
[Date "2015.07.04"]
[Round "9"]
[White "Kamenov, Valentin"]
[Black "Dimitrov, Dejan"]
[Result "1-0"]
[WhiteElo "1764"]
[BlackElo "1970"]
[PlyCount "75"]
[EventDate "2015.06.26"]
[EventType "swiss"]
[EventRounds "9"]
[EventCountry "BUL"]
[SourceTitle "EXT 2016"]
[Source "ChessBase"]
[SourceDate "2015.10.08"]
[SourceVersion "1"]
[SourceVersionDate "2015.10.08"]
[SourceQuality "1"]

1. e4 c5 2. Nf3 e6 3. d4 cxd4 4. Nxd4 a6 5. g3 Nf6 6. Bg2 Be7 7. 0-0 d6 8. c4 0-0 9. Nc3 Qc7 10. b3 Nbd7 11. Bb2 Rb8 12. Rc1 Ne5 13. Qe2 Bd7 14. Rfd1 Qa5 15. Rd2 b5 16. f4 Qb6 17. cxb5 axb5 18. Kh1 Ng6 19. b4 Rfc8 20. a3 e5 21. Nf5 Bf8 22. fxe5 Nxe5 23. Ne3 Nc4 24. Nxc4 Rxc4 25. Rf1 Bg4 26. Qd3 Be6 27. Nd5 Nxd5 28. exd5 Bg4 29. h3 Bh5 30. Be4 Re8 31. Bxh7+ Kh8 32. Qf5 Bf3+ 33. Qxf3 Qe3 34. Qh5 Re5 35. Bf5+ Qh6 36. Qxh6+ gxh6 37. Bxe5+ dxe5 38. d6 1-0

[Event "Varna op-B 9th"]
[Site "Varna"]
[Date "2015.07.03"]
[Round "8"]
[White "Mustafazada, Nigar Arif Q"]
[Black "Kamenov, Valentin"]
[Result "0-1"]
[WhiteElo "1689"]
[BlackElo "1764"]
[PlyCount "58"]
[EventDate "2015.06.26"]
[EventType "swiss"]
[EventRounds "9"]
[EventCountry "BUL"]
[SourceTitle "EXT 2016"]
[Source "ChessBase"]
[SourceDate "2015.10.08"]
[SourceVersion "1"]
[SourceVersionDate "2015.10.08"]
[SourceQuality "1"]

1. c4 Nf6 2. Nc3 d6 3. g3 g6 4. Bg2 Bg7 5. e4 0-0 6. Nge2 c6 7. 0-0 e5 8. d3 a5 9. h3 Na6 10. Kh2 Nc5 11. Be3 Nfd7 12. Qd2 f5 13. Rad1 Ne6 14. d4 f4 15. gxf4 Qh4 16. fxe5 dxe5 17. d5 Nf4 18. Bxf4 exf4 19. f3 Ne5 20. b3 g5 21. Qe1 Qh5 22. Qd2 Bd7 23. Na4 Rae8 24. Nb6 Bxh3 25. Bxh3 g4 26. fxg4 Nxg4+ 27. Kg1 Qxh3 28. Nxf4 Qg3+ 29. Ng2 Qh2# 0-1